header

Tradition and transformation (Record no. 226696)

MARC details
000 -LEADER
fixed length control field 01811nam a2200397Ia 4500
082 04 - DEWEY DECIMAL CLASSIFICATION NUMBER
Classification number 932/.022
245 00 - TITLE STATEMENT
Title Tradition and transformation
260 ## - PUBLICATION, DISTRIBUTION, ETC. (IMPRINT)
Place of publication Leiden ;
-- Boston :
Name of publisher Brill,
Year of publication 2010.
300 ## - PHYSICAL DESCRIPTION
Number of Pages xii, 508 p., 14 p. :
Other physical details ill. (some col.), maps, plans.
490 1# - SERIES STATEMENT
Series statement Culture and history of the ancient Near East,
650 #0 - SUBJECT ADDED ENTRY--TOPICAL TERM
Topical Term Romans
700 1# - ADDED ENTRY--PERSONAL NAME
Personal name Lembke, Katja.
Personal name Minas-Nerpel, Martina.
Personal name Pfeiffer, Stefan.
856 40 - ELECTRONIC LOCATION AND ACCESS
Uniform Resource Identifier http://site.ebrary.com/lib/rucke/Doc?id=10455142

No items available.

© 2026 Rongo University
Contact us: librarian | system librarian | Rongo university